Online
Catalog

Classics in translation, / (Record no. 7457)

MARC details
000 -CABECERA
campo de control de longitud fija 00820cam a2200229 a 4500
001 - NÚMERO DE CONTROL
campo de control 000007677
005 - FECHA Y HORA DE LA ÚLTIMA TRANSACCIÓN
campo de control 20200929154246.0
008 - DATOS DE LONGITUD FIJA--INFORMACIÓN GENERAL
campo de control de longitud fija 720515s1966 wiub 000 0 eng
040 ## - FUENTE DE LA CATALOGACIÓN
Centro catalogador/agencia de origen DO-SdBNP
Lengua de catalogación spa
Centro/agencia transcriptor BNPHU
041 17 - CÓDIGO DE LENGUA
Código de lengua del texto/banda sonora o título independiente spa
Código de lengua original eng
082 ## - NÚMERO DE LA CLASIFICACIÓN DECIMAL DEWEY
Número de clasificación 880.82
Número de documento/Ítem C614t
245 00 - MENCIÓN DE TÍTULO
Título Classics in translation, /
Mención de responsabilidad, etc. edición Paul MacKendrick y Herbert M. Howe.
260 ## - PUBLICACIÓN, DISTRIBUCIÓN, ETC.
Lugar de publicación, distribución, etc. Madison :
Nombre del editor, distribuidor, etc. University of Wisconsin Press,
Fecha de publicación, distribución, etc. 1966.
300 ## - DESCRIPCIÓN FÍSICA
Extensión v. :
Otras características físicas il., mapas ;
Dimensiones 25 cm.
500 ## - NOTA GENERAL
Nota general La biblioteca posee el v. 2.
505 0# - NOTA DE CONTENIDO CON FORMATO
Nota de contenido con formato v. 2.
Título Latin literature.
650 #4 - PUNTO DE ACCESO ADICIONAL DE MATERIA--TÉRMINO DE MATERIA
Término de materia o nombre geográfico como elemento de entrada Literatura clásica
Subdivisión general Traducciones al inglés
9 (RLIN) 21272
650 #4 - PUNTO DE ACCESO ADICIONAL DE MATERIA--TÉRMINO DE MATERIA
Término de materia o nombre geográfico como elemento de entrada Literatura latina
9 (RLIN) 3147
650 #4 - PUNTO DE ACCESO ADICIONAL DE MATERIA--TÉRMINO DE MATERIA
Término de materia o nombre geográfico como elemento de entrada Literatura griega
9 (RLIN) 2386
700 12 - PUNTO DE ACCESO ADICIONAL--NOMBRE DE PERSONA
Nombre de persona MacKendrick, Paul Lachlan,
Fechas asociadas al nombre 1914-1998.
Término indicativo de función/relación ed.
9 (RLIN) 21273
700 1# - PUNTO DE ACCESO ADICIONAL--NOMBRE DE PERSONA
Nombre de persona Howe, Herbert M.
Forma completa/desarrollada del nombre (Herbert Marshall),
Fechas asociadas al nombre 1912-
Término indicativo de función/relación ed.
9 (RLIN) 21274
Holdings
Estado de retiro Estado de pérdida Restricciones de uso No para préstamo Código de colección Localización permanente Ubicación/localización actual Ubicación en estantería Fecha de adquisición Número de inventario Total de préstamos Signatura topográfica completa Código de barras Fecha visto por última vez Precio válido a partir de Tipo de ítem Koha
    Préstamo interno   Monografías: Libros y Folletos General General En catalogación 09.09.2009 LF1   880.82 C614t 7677-10 25.06.2020 25.06.2020 Préstamo interno
    Préstamo interno   Monografías: Libros y Folletos General General Depósito 05.06.2017 LF1   880.82 C614t 7677-20 25.06.2020 25.06.2020 Préstamo interno

Powered by Koha